| 000 | 00348nam a22001457a 4500 | ||
|---|---|---|---|
| 020 | _a0-387-94807-4 | ||
| 041 | _aENG | ||
| 100 | _aKazuo Tanaka | ||
| 245 | _aAn Introduction to Fuzzy Logic for Practical Applications | ||
| 250 | _a1st Edition | ||
| 260 |
_aNewb York _bSpringer _c1997 |
||
| 300 | _a138 | ||
| 650 | _aM.Tech | ||
| 856 | _uM.Tech ( 7 ) | ||
| 999 |
_c1024 _d1024 |
||